Top 50 Rock Bands of all time - Statistics

General Stats
  • This quiz has been taken 295 times
  • The average score is 17 of 50
Answer Stats
Answer % Correct
2 The Beatles
91%
3 The Rolling Stones
86%
14 Led Zeppelin
83%
30 Queen
78%
40 AC/DC
76%
22 KISS
70%
17 Pink Floyd
69%
26 Guns n' Roses
61%
5 Aerosmith
56%
4 The Who
56%
9 Eagles
51%
33 U2
50%
6 Bon Jovi
45%
7 Van Halen
44%
37 Deep Purple
40%
10 Def Leppard
40%
1 Elvis Presley
37%
15 Lynyrd Skynyrd
37%
24 Creedence Clearwater Revival
35%
18 Mötley Crüe
35%
41 Green Day
34%
11 The Clash
34%
8 Journey
33%
36 The Kinks
33%
13 Boston
27%
12 Bruce Springsteen
27%
21 Scorpions
26%
23 Elton John
24%
27 Foreigner
22%
48 Kansas
22%
16 Tom Petty
22%
39 Coldplay
21%
19 Whitesnake
21%
34 Heart
19%
47 Poison
19%
49 Joan Jett
14%
46 REO Speedwagon
14%
31 Survivor
13%
35 Steve Miller Band
12%
20 Steppenwolf
11%
29 Dokken
10%
50 White Lion
10%
32 Bad Company
9%
28 Foghat
9%
44 Meat Loaf
9%
25 Queensrÿche
9%
45 3 Doors Down
8%
43 38 Special
7%
42 Eddie Money
7%
38 Badfinger
6%
No matching quizzes found
Score Distribution
Percent of People with Each Score
Percentile by Number Answered
Your Score History
You have not taken this quiz